A new toad from the Miocene at Devínska Nová Ves (Slovakia)

Bibliographic Details
Main Authors: Špinar, Zdeněk Vlastimil, 1916-1995 (Author), Klembara, Jozef, 1953- (Author), Meszároš, Štefan (Author)
Format: Article
Language:English
PhysicalDescription:Fotogr. 4, obr. 11, res. slov., lit. 40 zázn. v angl., češ., ruš., nem.
ISBN:ISSN 01397435
Subjects:

MARC

LEADER 00000nab a2200000 a 4500
001 vtls000574229
003 SK-MaSNL
005 20260319074535.0
008 160204c1993 xo 0 eng
015 |a SNBRA19rr/mm-uuuuu 
035 |a CL0574367 
040 |a SNKBUCL  |b slo  |c SNKBUCL  |e AACR2 
041 0 |a eng 
044 |a xo  |c SK 
080 |a 567.82(234.372.3)"6235":551.782.1(234.372.3)  |2 1981 
080 |a 551.782.1(234.372.3)  |2 1981 
100 1 |a Špinar, Zdeněk Vlastimil,  |d 1916-1995  |4 aut  |9 87332 
245 1 0 |a A new toad from the Miocene at Devínska Nová Ves (Slovakia)  |c Zdeněk V. Špinar, Jozef Klembara, Štefan Meszároš 
300 |b Fotogr. 4, obr. 11, res. slov., lit. 40 zázn. v angl., češ., ruš., nem. 
650 0 7 |a Bufo priscus  |2 snkbucl  |9 993446 
650 0 7 |a miocén  |2 snkbucl  |9 50702 
651 7 |a Devínska Nová Ves (Bratislava IV, Slovensko)  |2 snkbucl  |9 70950 
655 7 |a články zo zborníkov  |2 snkbucl  |9 166140 
700 1 |a Klembara, Jozef,  |d 1953-  |4 aut  |9 8807 
700 1 |a Meszároš, Štefan  |4 aut  |9 436395 
773 0 |t Západné Karpaty. Séria paleontológia 17  |d Bratislava : Geologický ústav D. Štúra, 1993  |g S. 135-160  |z ISSN 01397435 
850 |a Slovenská národná knižnica v Martine  |a MTA001 
852 |a SNK  |b KIS3GCP 
958 |a NB 
958 |a RK 
958 |a SK 
992 |a RZB 
999 |c 1600580  |d 1602510